Pays de l'Empire français - Statistiques

Statistiques générales
  • Ce quiz a été pris 344 fois
    300 depuis la dernière actualisation
  • Le résultat moyen est 43 sur 73
Statistiques - réponses
Pays de l'Empire français % Correct
Algerie
93%
Allemagne
93%
Espagne
93%
Italie
92%
Maroc
89%
Belgique
88%
Tunisie
86%
Canada
85%
États-Unis
85%
Pays-bas
83%
Suisse
83%
Portugal
79%
Vietnam
79%
France
78%
Mali
78%
Republiqué du Congo
77%
Senegal
77%
Andorre
76%
Luxembourg
75%
Pologne
75%
Laos
73%
Cambodge
71%
Tchad
71%
Niger
70%
Mauritanie
69%
Egypte
68%
Monaco
68%
Cote d'Ivoire
67%
Guinée
66%
Royaume-Uni
66%
Cameroun
65%
Chine
65%
Inde
65%
Mexique
64%
Liban
63%
Benin
62%
Haïti
62%
Libye
62%
Madagascar
62%
Togo
62%
Syrie
60%
Gabon
59%
Brésil
58%
Turquie
58%
Vatican
56%
Republiqué Centrafricaine
54%
Burkina Faso
53%
Djibouti
53%
Slovenie
52%
Croatie
51%
Gréce
51%
Comores
50%
Albanie
47%
Malte
44%
Maurice
43%
Gambie
42%
Nigeria
42%
Republiqué Dominicaine
41%
Guyana
38%
Sainte-Lucie
37%
Indonesie
36%
Dominique
33%
Grenade
33%
Saint-Christophe-et-Niévès
33%
Saint-Vincent-et-les-Grenadines
32%
Vanuatu
32%
Seychelles
31%
Trinite-et-Tobago
29%
Erythree
22%
Philippines
19%
Sri Lanka
18%
Sao Tomé-et-Principe
14%
Taiwan
9%
Aucun quiz correspondant
Distribution des résultats
% des personnes avec chaque résultat
Percentile par nombre de réponses
Votre historique - résultats
Vous n’avez pas pris ce quiz depuis la dernière actualisation